| 000 | 01142nam a2200301Ia 4500 | ||
|---|---|---|---|
| 001 | ebr10085545 | ||
| 003 | CaPaEBR | ||
| 006 | m u | ||
| 007 | cr cn||||||||| | ||
| 008 | 020920s2002 bccc sb 001 0 eng d | ||
| 016 | _z20029112060 | ||
| 020 | _z0865714622 | ||
| 040 |
_aCaPaEBR _cCaPaEBR |
||
| 035 | _a(OCoLC)84373928 | ||
| 050 | 1 | 4 |
_aG550 _b.K582 2002eb |
| 082 | 0 | 4 |
_a387.5/42 _222 |
| 100 | 1 | _aKlein, Ross A. | |
| 245 | 1 | 0 |
_aCruise ship blues _h[electronic resource] : _bthe underside of the cruise ship industry / _cRoss A. Klein. |
| 260 |
_aGabriola, B.C. : _bNew Society Publishers, _cc2002. |
||
| 300 |
_avi, 200 p. : _bport. |
||
| 504 | _aIncludes bibliographical references and index. | ||
| 533 |
_aElectronic reproduction. _bPalo Alto, Calif. : _cebrary, _d2009. _nAvailable via World Wide Web. _nAccess may be limited to ebrary affiliated libraries. |
||
| 650 | 0 | _aCruise lines. | |
| 650 | 0 | _aOcean travel. | |
| 655 | 7 |
_aElectronic books. _2local |
|
| 710 | 2 | _aebrary, Inc. | |
| 856 | 4 | 0 |
_uhttp://site.ebrary.com/lib/rucke/Doc?id=10085545 _zAn electronic book accessible through the World Wide Web; click to view |
| 999 |
_c49700 _d49700 |
||